[Event "21st TCh-RUS 2014"]
[Site "Loo RUS"]
[Date "2014.04.13"]
[Round "7.1"]
[Board "6"]
[White "Shimanov, Aleksandr"]
[Black "Popov, Ivan RUS"]
[Result "1/2-1/2"]
[WhiteTitle "GM"]
[BlackTitle "GM"]
[WhiteElo "2637"]
[BlackElo "2651"]
[WhiteTeam "St. Petersburg"]
[BlackTeam "SHSM our inheritance (Moscow)"]
[WhiteFideId "4198603"]
[BlackFideId "4170350"]
[EventDate "2014.04.07"]

1. c4 c6 2. d4 d5 3. Nc3 e6 4. Nf3 Nf6 5. Bg5 dxc4 6. e4 b5 7. e5 h6 8. Bh4 g5
9. Nxg5 hxg5 10. Bxg5 Nbd7 11. exf6 Bb7 12. g3 c5 13. d5 Qb6 14. Bg2 O-O-O 15.
O-O b4 16. Na4 Qb5 17. a3 Nb8 18. axb4 cxb4 19. Qg4 Bxd5 20. Rfc1 Nc6 21. Bxd5
Rxd5 22. Rxc4 Rxg5 23. Qd4 Kb8 24. Rxc6 Rxg3+ 25. fxg3 Qxc6 26. Rd1 Qc7 27. b3
Kc8 28. Qe4 Kb8 29. Rd4 Bd6 30. h4 Rg8 31. g4 Qc1+ 32. Kg2 Rc8 33. Rxd6 Rc2+ 34.
Kg3 Qg1+ 35. Kf4 Qf2+ 36. Kg5 Rc8 37. Qxb4+ Ka8 38. Qe4+ Kb8 39. Qb4+ Ka8 40.
Qe4+ Kb8 41. Qb4+ 1/2-1/2

[Event "21st TCh-RUS 2014"]
[Site "Loo RUS"]
[Date "2014.04.13"]
[Round "7.2"]
[Board "1"]
[White "Smirnov, Pavel"]
[Black "Karjakin, Sergey"]
[Result "1/2-1/2"]
[WhiteTitle "GM"]
[BlackTitle "GM"]
[WhiteElo "2624"]
[BlackElo "2772"]
[WhiteTeam "Polytechnic (Nizhny Tagil)"]
[BlackTeam "Malachite (Sverdlovsk region)"]
[WhiteFideId "4123425"]
[BlackFideId "14109603"]
[EventDate "2014.04.07"]

1. d4 Nf6 2. c4 e6 3. Nf3 b6 4. g3 Ba6 5. Qa4 Bb7 6. Bg2 c5 7. dxc5 bxc5 8. O-O
Be7 9. Nc3 O-O 10. Rd1 Qb6 11. Bf4 Rd8 12. Rd2 Nc6 13. Rad1 Na5 14. Qb5 Qxb5 15.
cxb5 Rac8 16. e4 h6 17. h4 Kf8 18. Ne1 Nc4 19. e5 Nd5 20. Nxd5 Bxd5 21. Rc2 Nb6
22. Bxd5 exd5 23. b3 c4 24. Be3 cxb3 25. axb3 d6 26. Bxb6 axb6 27. exd6 Bxd6 28.
Rxd5 Bc5 29. Rcd2 Rxd5 30. Rxd5 Ke7 31. Nd3 Bd6 32. Rd4 Rc3 33. b4 g5 34. hxg5
hxg5 35. Kf1 f5 36. Ke2 g4 37. Kd2 Rc8 38. Nf4 Bxf4+ 39. Rxf4 Ke6 40. f3 gxf3 1/2-1/2

[Event "21st TCh-RUS 2014"]
[Site "Loo RUS"]
[Date "2014.04.13"]
[Round "7.2"]
[Board "2"]
[White "Grischuk, Alexander"]
[Black "Shomoev, Anton"]
[Result "1-0"]
[WhiteTitle "GM"]
[BlackTitle "GM"]
[WhiteElo "2777"]
[BlackElo "2587"]
[WhiteTeam "Malachite (Sverdlovsk region)"]
[BlackTeam "Polytechnic (Nizhny Tagil)"]
[WhiteFideId "4126025"]
[BlackFideId "4135148"]
[EventDate "2014.04.07"]

1. c4 Nf6 2. Nf3 e6 3. d4 d5 4. Bg5 dxc4 5. Qa4+ Nbd7 6. e3 c6 7. Qxc4 Qa5+ 8.
Nbd2 Ne4 9. Bf4 Bb4 10. Rd1 Nxd2 11. Nxd2 O-O 12. a3 Be7 13. Be2 e5 14. dxe5
Nxe5 15. Qc2 Ng6 16. Bg3 Bh4 17. O-O Bxg3 18. hxg3 Ne5 19. Ne4 h6 20. Rd4 Kh8
21. Nd6 Rb8 22. b4 Qc7 23. Qc5 Nd7 24. Qxa7 Nb6 25. Qa5 Be6 26. Qc5 Nd5 27. Ne4
Ra8 28. b5 f5 29. Nd2 Rf6 30. bxc6 Ra5 31. Qc1 bxc6 32. Bf3 Bg8 33. a4 Qe7 34.
Nb3 Ra8 35. Qc5 Qe8 36. Na5 Ra6 37. Nc4 Rxa4 38. Nd6 Qa8 39. Rxa4 Qxa4 40. Ne8
Re6 41. Bxd5 cxd5 42. Nd6 Rf6 43. Rc1 d4 44. exd4 Qd7 45. Nc8 f4 46. gxf4 Rxf4
47. Ne7 Rf6 48. d5 Rd6 49. Qe3 Bf7 50. Rc8+ Kh7 51. Qe4+ Bg6 52. Nxg6 Rxg6 53.
Rc6 Qg4 54. Qxg6+ Qxg6 55. Rxg6 Kxg6 56. f4 1-0

[Event "21st TCh-RUS 2014"]
[Site "Loo RUS"]
[Date "2014.04.13"]
[Round "7.2"]
[Board "3"]
[White "Kokarev, Dmitry"]
[Black "Leko, Peter"]
[Result "1/2-1/2"]
[WhiteTitle "GM"]
[BlackTitle "GM"]
[WhiteElo "2621"]
[BlackElo "2730"]
[WhiteTeam "Polytechnic (Nizhny Tagil)"]
[BlackTeam "Malachite (Sverdlovsk region)"]
[WhiteFideId "4132181"]
[BlackFideId "703303"]
[EventDate "2014.04.07"]

1. e4 e5 2. Nf3 Nc6 3. Bb5 Nf6 4. O-O Nxe4 5. d4 Nd6 6. Bxc6 dxc6 7. dxe5 Nf5 8.
Qxd8+ Kxd8 9. Nc3 Bd7 10. h3 h6 11. b3 Kc8 12. Bb2 b6 13. Rad1 c5 14. Nd5 a5 15.
Nd2 Ne7 16. Ne3 Nf5 17. Nd5 Ne7 18. Ne3 Nf5 1/2-1/2

[Event "21st TCh-RUS 2014"]
[Site "Loo RUS"]
[Date "2014.04.13"]
[Round "7.2"]
[Board "4"]
[White "Shirov, Alexei"]
[Black "Maletin, Pavel"]
[Result "1-0"]
[WhiteTitle "GM"]
[BlackTitle "GM"]
[WhiteElo "2702"]
[BlackElo "2582"]
[WhiteTeam "Malachite (Sverdlovsk region)"]
[BlackTeam "Polytechnic (Nizhny Tagil)"]
[WhiteFideId "2209390"]
[BlackFideId "4146786"]
[EventDate "2014.04.07"]

1. d4 Nf6 2. c4 g6 3. Nc3 d5 4. cxd5 Nxd5 5. Bd2 Bg7 6. e4 Nxc3 7. Bxc3 O-O 8.
h4 c5 9. d5 Bxc3+ 10. bxc3 e6 11. d6 Qf6 12. Qd2 Nc6 13. h5 Rd8 14. Rd1 e5 15.
hxg6 hxg6 16. Nf3 Bg4 17. Qh6 Rab8 18. Bc4 Rd7 19. Rd3 b5 20. Bd5 Nd8 21. Ng5 b4
22. c4 Rxd6 23. Rg3 b3 24. axb3 Ra6 25. O-O Be6 26. Rf3 Qg7 27. Qxg7+ Kxg7 28.
Bxe6 fxe6 29. Rd1 Kh6 30. Rxd8 1-0

[Event "21st TCh-RUS 2014"]
[Site "Loo RUS"]
[Date "2014.04.13"]
[Round "7.2"]
[Board "5"]
[White "Vokarev, Sergey"]
[Black "Malakhov, Vladimir"]
[Result "1/2-1/2"]
[WhiteTitle "GM"]
[BlackTitle "GM"]
[WhiteElo "2468"]
[BlackElo "2701"]
[WhiteTeam "Polytechnic (Nizhny Tagil)"]
[BlackTeam "Malachite (Sverdlovsk region)"]
[WhiteFideId "4119711"]
[BlackFideId "4120787"]
[EventDate "2014.04.07"]

1. e4 g6 2. d4 Bg7 3. Nc3 d6 4. f4 a6 5. Nf3 b5 6. Bd3 Nd7 7. e5 Bb7 8. Ng5 e6
9. Nce4 Nb6 10. c3 Ne7 11. Qe2 h6 12. Nf3 O-O 13. h4 Nf5 14. Rh3 h5 15. Nfg5 Nh6
16. Bd2 Bd5 17. b3 Qe7 18. Kf1 Nd7 19. c4 bxc4 20. bxc4 Bxe4 21. Bxe4 Rab8 22.
Bc3 c5 23. d5 exd5 24. Bxd5 dxe5 25. Re1 Ng4 26. Kg1 e4 27. Qxe4 Qxe4 28. Bxe4
Rfe8 29. Kf1 Bxc3 30. Rxc3 Rb2 31. Rb1 Rf2+ 32. Kg1 Ndf6 33. Bf3 Rxa2 34. g3 Re7
35. Rcb3 a5 36. Rb8+ Kg7 37. R8b7 Rxb7 38. Rxb7 Nh6 39. Ra7 Nfg4 40. Ne6+ Kg8
41. Bxg4 hxg4 42. Ra8+ Kh7 43. Nxc5 Rc2 44. Ne4 Nf5 45. c5 Rc4 46. Ng5+ Kg7 47.
Rxa5 Nxg3 48. Ra7 Nf5 49. Nxf7 Rc1+ 50. Kg2 Rc2+ 51. Kg1 g3 52. Nd6+ Kf6 53.
Ne4+ Ke6 54. Ra6+ Kd5 55. Nxg3 Nxg3 56. Rxg6 Ne2+ 57. Kf1 Nxf4 58. Rg8 Ke4 59.
Ke1 Nd3+ 60. Kd1 Rxc5 61. Kd2 Ne5 62. Re8 Rc6 63. h5 Rh6 64. Kc3 Kd5 65. Rd8+
Kc5 66. Rc8+ Nc6 67. Kd3 Kd5 68. Ke3 Rxh5 69. Ra8 Rh4 70. Rc8 Re4+ 71. Kd3 Ne5+
72. Kc3 Re3+ 73. Kd2 Ke4 74. Re8 Ra3 75. Kc2 Kd4 76. Rd8+ Kc5 77. Rc8+ Nc6 78.
Rh8 Re3 79. Kd2 Re6 80. Kd3 Nb4+ 81. Kd2 Re4 82. Rd8 Kc4 83. Rc8+ Kd4 84. Rd8+
Nd5 85. Rh8 Rf4 86. Re8 Rf7 87. Kc2 Ne3+ 88. Kd2 Nd5 89. Kc2 Rf2+ 90. Kb3 Rh2
91. Rd8 Rd2 92. Rh8 Rd3+ 93. Kb2 Rf3 94. Rd8 Rf7 95. Kb3 Rb7+ 96. Kc2 Rb5 97.
Rd6 Rb8 98. Rd7 Rh8 99. Kb3 Rh3+ 100. Kc2 Kc4 101. Kd2 Rh2+ 102. Ke1 Kd4 103.
Rd8 Ke4 104. Re8+ Kf3 105. Rf8+ Nf4 106. Kd1 Rg2 107. Ke1 Ke3 108. Re8+ Kd4 109.
Rd8+ Nd5 110. Kf1 Ra2 111. Ke1 Rb2 112. Kd1 Ke4 113. Kc1 Rh2 114. Re8+ Kd3 115.
Rd8 Rc2+ 116. Kd1 Rc5 117. Ke1 1/2-1/2

[Event "21st TCh-RUS 2014"]
[Site "Loo RUS"]
[Date "2014.04.13"]
[Round "7.3"]
[Board "1"]
[White "Grishchenko, Sergey1"]
[Black "Jobava, Baadur"]
[Result "1-0"]
[WhiteTitle "FM"]
[BlackTitle "GM"]
[WhiteElo "2436"]
[BlackElo "2706"]
[WhiteTeam "Atom (Desnogorsk)"]
[BlackTeam "University (Belorechensk)"]
[WhiteFideId "4136730"]
[BlackFideId "13601520"]
[EventDate "2014.04.07"]

1. d4 Nf6 2. c4 e5 3. dxe5 Ng4 4. Bf4 g5 5. Bg3 Bg7 6. Nf3 Nc6 7. h4 Ngxe5 8.
hxg5 Nxc4 9. Nc3 Nxb2 10. Qb3 Na4 11. Nd5 d6 12. g6 Be6 13. Bh4 Qd7 14. Bf6 fxg6
15. Nxc7+ Qxc7 16. Qxe6+ Kf8 17. Rd1 Nb4 18. Rh4 Nc2+ 19. Kd2 Re8 20. Bxg7+ Kxg7
21. Qb3 Qa5+ 22. Kxc2 Rc8+ 23. Kb1 Nc3+ 24. Kb2 Nxd1+ 25. Qxd1 Qb6+ 26. Ka1 Qxf2
27. Rb4 Rc7 28. Qxd6 Rhc8 29. Qe5+ Kg8 30. Qe6+ Kh8 31. Qe5+ Rg7 32. Rb1 h6 33.
Nd4 Kh7 34. g3 Re8 35. Ne6 Rf7 36. Bh3 Kg8 37. Rd1 h5 38. Rf1 Qxf1+ 39. Bxf1
Rxf1+ 40. Kb2 Rf7 41. Qd5 1-0

[Event "21st TCh-RUS 2014"]
[Site "Loo RUS"]
[Date "2014.04.13"]
[Round "7.3"]
[Board "2"]
[White "Alekseev, Evgeny"]
[Black "Baghdasaryan, Vahe"]
[Result "1-0"]
[WhiteTitle "GM"]
[BlackTitle "IM"]
[WhiteElo "2678"]
[BlackElo "2359"]
[WhiteTeam "University (Belorechensk)"]
[BlackTeam "Atom (Desnogorsk)"]
[WhiteFideId "4138147"]
[BlackFideId "13303139"]
[EventDate "2014.04.07"]

1. e4 c5 2. Nf3 e6 3. d4 cxd4 4. Nxd4 a6 5. Be2 Nf6 6. Nc3 Qc7 7. O-O Nc6 8. Be3
Bb4 9. Na4 Be7 10. Nxc6 bxc6 11. Nb6 Rb8 12. Nxc8 Qxc8 13. Bd4 c5 14. Be5 Rb6
15. Bf3 O-O 16. Bc3 d5 17. exd5 exd5 18. Re1 Qd7 19. b3 d4 20. Ba5 Rd6 21. Qe2
Bd8 22. Bd2 Bc7 23. Qc4 Nd5 24. Re5 Nb6 25. Qxc5 Qc8 26. Re7 Rd7 27. g3 Bd6 28.
Qxc8 Rxc8 29. Rxd7 Nxd7 30. Be4 g6 31. Rd1 Nc5 32. Bd5 Nd7 33. Bh6 Rxc2 34. Rxd4
Ne5 35. Be4 Bc7 36. Ra4 Rc5 37. Rxa6 f5 38. b4 Rb5 39. a4 Rxb4 40. Bd5+ Kh8 41.
Re6 1-0

[Event "21st TCh-RUS 2014"]
[Site "Loo RUS"]
[Date "2014.04.13"]
[Round "7.3"]
[Board "3"]
[White "Simonian, Tigran"]
[Black "Kobalia, Mikhail"]
[Result "0-1"]
[WhiteTitle "IM"]
[BlackTitle "GM"]
[WhiteElo "2427"]
[BlackElo "2633"]
[WhiteTeam "Atom (Desnogorsk)"]
[BlackTeam "University (Belorechensk)"]
[WhiteFideId "13303597"]
[BlackFideId "4119150"]
[EventDate "2014.04.07"]

1. d4 d5 2. c4 c6 3. cxd5 cxd5 4. Nc3 Nc6 5. Nf3 e6 6. Bf4 Bd6 7. Bxd6 Qxd6 8.
e3 Nge7 9. Bd3 Bd7 10. a3 O-O 11. O-O Rfc8 12. Rc1 Be8 13. b4 f6 14. Nd2 Bg6 15.
Bxg6 hxg6 16. Nb3 Nf5 17. Re1 Nce7 18. Qd3 b6 19. Rc2 Qd7 20. a4 Nd6 21. b5 Rc7
22. Rec1 Rac8 23. Nd2 Nef5 24. Na2 a5 25. Rxc7 Rxc7 26. Rxc7 Qxc7 27. Qc3 Nc4
28. Nxc4 dxc4 29. Qc2 Ne7 30. e4 f5 31. Nc3 e5 32. dxe5 Qxe5 33. g3 Qd4 34. Kg2
Kf8 35. f3 fxe4 36. fxe4 Kg8 37. h4 Nc8 38. Ne2 Qc5 39. Qd2 Kh7 40. Qd4 Qb4 41.
Nc3 Nd6 42. Kh3 Nf7 43. Kg2 Qb2+ 44. Kf3 Qa1 45. Kg2 Qb2+ 46. Kf3 Qc1 47. Kg2
Nd6 48. Kh2 Qb2+ 49. Kh3 Nxe4 50. Qxe4 Qxc3 51. h5 Qd3 52. hxg6+ Kh6 53. Qh4+
Kxg6 54. Qg4+ Kf6 55. Qh4+ Ke6 56. Qh8 Qd7 57. Kh4 c3 58. Qg8+ Ke5 59. Qb8+ Qd6
60. Qe8+ 0-1

[Event "21st TCh-RUS 2014"]
[Site "Loo RUS"]
[Date "2014.04.13"]
[Round "7.3"]
[Board "4"]
[White "Landa, Konstantin"]
[Black "Shahinyan, David"]
[Result "1/2-1/2"]
[WhiteTitle "GM"]
[BlackTitle "FM"]
[WhiteElo "2639"]
[BlackElo "2362"]
[WhiteTeam "University (Belorechensk)"]
[BlackTeam "Atom (Desnogorsk)"]
[WhiteFideId "4101685"]
[BlackFideId "13304380"]
[EventDate "2014.04.07"]

1. d4 d6 2. e4 Nf6 3. Nc3 e5 4. dxe5 dxe5 5. Qxd8+ Kxd8 6. Nf3 Bd6 7. Be3 c6 8.
O-O-O Ke7 9. Bc4 Be6 10. Bxe6 fxe6 11. Rd3 Nbd7 12. Rhd1 Bc7 13. Na4 b6 14. Rc3
c5 15. Nd2 Rac8 16. a3 Nb8 17. b4 cxb4 18. axb4 Bd6 19. b5 Bb4 20. Rd3 Bxd2+ 21.
Bxd2 Nxe4 22. Bb4+ Kf7 23. Nb2 a5 24. Re1 Nf6 25. Ba3 Nbd7 26. f3 Nd5 27. c4 Nc5
28. Bxc5 Rxc5 29. Rxe5 Rhc8 30. Kd2 Rxc4 31. Nxc4 Rxc4 32. Rb3 Kf6 33. Re4 Rc5
34. Kd3 Nb4+ 35. Rexb4 axb4 36. Rxb4 h5 37. h4 g5 38. hxg5+ Rxg5 39. Rb2 Rc5 40.
Ke3 Ke5 41. Rb4 Rd5 42. Kf2 Kf6 43. Kg3 Rg5+ 44. Kh3 Rd5 45. Kh4 Rf5 46. Rb2 Kg6
47. Re2 Kf6 48. Rb2 Kg6 49. Re2 Kf6 50. Rb2 Ke5 1/2-1/2

[Event "21st TCh-RUS 2014"]
[Site "Loo RUS"]
[Date "2014.04.13"]
[Round "7.3"]
[Board "5"]
[White "Pogosian, Georgy"]
[Black "Tregubov, Pavel V."]
[Result "1/2-1/2"]
[WhiteTitle "FM"]
[BlackTitle "GM"]
[WhiteElo "2241"]
[BlackElo "2620"]
[WhiteTeam "Atom (Desnogorsk)"]
[BlackTeam "University (Belorechensk)"]
[WhiteFideId "4119088"]
[BlackFideId "4115341"]
[EventDate "2014.04.07"]

1. d4 Nf6 2. c4 Nc6 3. Nf3 e6 4. Nc3 Bb4 5. Qc2 d6 6. Bg5 h6 7. Bh4 g5 8. Bg3 g4
9. O-O-O Bxc3 10. bxc3 gxf3 11. Bh4 d5 12. c5 b6 13. Rd3 fxg2 14. Bxg2 Rg8 15.
Rg3 Rg5 16. Rxg5 hxg5 17. Bxg5 bxc5 18. e4 cxd4 19. exd5 Qd6 20. dxe6 Rb8 21.
Bxf6 Qf4+ 22. Qd2 Qxf6 23. Bxc6+ Kf8 24. Qxd4 Qxd4 25. cxd4 Bxe6 26. d5 Bf5 27.
Re1 Rb1+ 28. Kd2 Rb2+ 29. Ke3 Rxa2 30. Rc1 Ke7 31. h4 Bg6 32. Bb5 Kd6 33. Be2
Ra3+ 34. Kf4 Ra2 35. Ke3 Ra3+ 36. Kf4 Ra2 37. Ke3 Ra3+ 38. Kf4 Ra2 1/2-1/2

[Event "21st TCh-RUS 2014"]
[Site "Loo RUS"]
[Date "2014.04.13"]
[Round "7.3"]
[Board "6"]
[White "Aleksandrov, Aleksej"]
[Black "Parfenov, Viktor N."]
[Result "1-0"]
[WhiteTitle "GM"]
[WhiteElo "2539"]
[BlackElo "2194"]
[WhiteTeam "University (Belorechensk)"]
[BlackTeam "Atom (Desnogorsk)"]
[WhiteFideId "13500139"]
[BlackFideId "4165969"]
[EventDate "2014.04.07"]

1. d4 d5 2. c4 e6 3. Nc3 c5 4. cxd5 exd5 5. Nf3 Nc6 6. g3 c4 7. Bg2 Bb4 8. O-O
Nge7 9. Bd2 O-O 10. b3 Bxc3 11. Bxc3 b5 12. bxc4 bxc4 13. Qa4 Bf5 14. Nh4 Bd7
15. Qa3 Be6 16. Rfd1 Qd7 17. Nf3 f6 18. Nd2 Rab8 19. e4 Rb5 20. Nxc4 dxc4 21. d5
Nxd5 22. exd5 Bxd5 23. Qa4 Rfb8 24. Rxd5 Rxd5 25. Qxc4 Rb5 26. Rc1 Ne7 27. Bd4
Kh8 28. Bxd5 Rxd5 29. Bxa7 h6 30. Be3 Nf5 31. Bc5 Qc6 32. a4 Nd6 33. Qb4 Nf5 34.
a5 g6 35. Qb6 Qd7 36. Qxf6+ Kh7 37. Qa1 Nh4 38. Bb6 Nf3+ 39. Kg2 Nh4+ 40. gxh4
Qg4+ 41. Kf1 Qh3+ 42. Ke1 1-0

[Event "21st TCh-RUS 2014"]
[Site "Loo RUS"]
[Date "2014.04.13"]
[Round "7.4"]
[Board "3"]
[White "Artemiev, Vladislav"]
[Black "Inarkiev, Ernesto"]
[Result "1/2-1/2"]
[WhiteTitle "IM"]
[BlackTitle "GM"]
[WhiteElo "2636"]
[BlackElo "2691"]
[WhiteTeam "Rook (Kazan)"]
[BlackTeam "Yugra (KhMAO)"]
[WhiteFideId "24101605"]
[BlackFideId "4162722"]
[EventDate "2014.04.07"]

1. c4 c5 2. Nf3 Nc6 3. d4 cxd4 4. Nxd4 Nf6 5. Nc3 e6 6. a3 Bc5 7. Nb3 Be7 8. e4
O-O 9. Be2 b6 10. O-O Bb7 11. Be3 d6 12. f4 Rc8 13. Qd3 Nd7 14. Rad1 Nc5 15. Qc2
Nxb3 16. Qxb3 Qc7 17. Qa2 Qb8 18. b4 Bf6 19. Nb5 Rcd8 20. Qc2 e5 21. fxe5 Bxe5
22. Bh5 Rd7 23. Rf2 Re7 24. Qd2 Rd8 25. Nc3 Bxc3 26. Qxc3 Ne5 27. c5 dxc5 28.
Rxd8+ Qxd8 29. Rd2 Qc7 30. bxc5 h6 31. Bd4 bxc5 32. Qxc5 Nc6 33. Qc3 Nxd4 34.
Qxc7 Rxc7 35. Rxd4 Kf8 36. Bf3 Ke7 37. Kf2 Rc5 38. Ra4 a5 39. Ke3 Ba6 40. Be2
Bxe2 41. Kxe2 Ke6 42. Rd4 Rc2+ 43. Rd2 Rxd2+ 44. Kxd2 Ke5 45. Ke3 a4 46. g3 h5
47. h4 f6 48. Kd3 f5 49. exf5 Kxf5 50. Ke3 Ke5 51. Kd3 Kf5 52. Ke3 Ke5 53. Kd3
Kd5 54. Kc3 Ke4 55. Kb4 Kf3 56. Kxa4 Kxg3 57. Kb5 Kxh4 58. a4 g5 59. a5 g4 60.
a6 g3 61. a7 g2 62. a8=Q g1=Q 63. Qe4+ Qg4 64. Qe1+ Kg5 65. Qe7+ Kh6 66. Qf6+
Qg6 67. Qf8+ Kg5 68. Qe7+ Qf6 69. Qe3+ Qf4 70. Qe7+ Kg6 71. Qe8+ Qf7 72. Qd8 Qf6
73. Qe8+ Kh6 74. Kc4 h4 75. Kd3 Qf1+ 76. Qe2 Qb1+ 77. Ke3 Qf5 78. Qf3 Qc5+ 79.
Ke2 Qc4+ 80. Kf2 Kg5 81. Qe3+ Qf4+ 1/2-1/2

[Event "21st TCh-RUS 2014"]
[Site "Loo RUS"]
[Date "2014.04.13"]
[Round "7.4"]
[Board "4"]
[White "Khismatullin, Denis"]
[Black "Volokitin, Andrei"]
[Result "1/2-1/2"]
[WhiteTitle "GM"]
[BlackTitle "GM"]
[WhiteElo "2681"]
[BlackElo "2647"]
[WhiteTeam "Yugra (KhMAO)"]
[BlackTeam "Rook (Kazan)"]
[WhiteFideId "4142578"]
[BlackFideId "14107090"]
[EventDate "2014.04.07"]

1. d4 Nf6 2. c4 g6 3. Nf3 Bg7 4. e3 O-O 5. Be2 c5 6. d5 e6 7. Nc3 exd5 8. cxd5
d6 9. Nd2 Na6 10. O-O Rb8 11. e4 Re8 12. Re1 Nc7 13. a4 a6 14. a5 Bd7 15. Qb3
Nb5 16. Nxb5 axb5 17. Bxb5 Bxb5 18. Qxb5 Nxd5 19. Nf3 Nc7 20. Qb3 Ne6 21. Bd2
Nd4 22. Nxd4 Bxd4 23. Bc3 Bxc3 24. bxc3 Ra8 25. Qb5 Ra6 26. Red1 Qe7 27. f3 Rea8
28. Qd3 Qe5 29. Rac1 Rxa5 30. Qxd6 Qxd6 31. Rxd6 Ra2 32. Rcd1 R8a3 33. R6d2 Rxd2
34. Rxd2 Rxc3 35. Rb2 c4 36. Rxb7 g5 37. h4 gxh4 38. Kh2 Rc1 39. Rc7 c3 40. e5
Kf8 41. f4 Rf1 42. Rxc3 Rxf4 43. Rc6 Re4 44. Rc5 Kg7 45. Kh3 Kg6 46. Ra5 Kg5 47.
Ra7 Rf4 48. Re7 Rf1 49. Kh2 Kg6 50. Ra7 Kg5 51. Ra6 h5 52. Rb6 Kg4 53. Rb8 Rf5
54. Re8 Rf2 55. e6 fxe6 56. Rxe6 h3 57. Rg6+ Kf5 58. Rg8 Rxg2+ 59. Rxg2 hxg2 1/2-1/2

[Event "21st TCh-RUS 2014"]
[Site "Loo RUS"]
[Date "2014.04.13"]
[Round "7.4"]
[Board "5"]
[White "Timofeev, Artyom"]
[Black "Rublevsky, Sergei"]
[Result "1/2-1/2"]
[WhiteTitle "GM"]
[BlackTitle "GM"]
[WhiteElo "2610"]
[BlackElo "2706"]
[WhiteTeam "Rook (Kazan)"]
[BlackTeam "Yugra (KhMAO)"]
[WhiteFideId "4140419"]
[BlackFideId "4115309"]
[EventDate "2014.04.07"]

1. d4 d5 2. c4 c6 3. Nf3 Nf6 4. Nc3 dxc4 5. a4 e6 6. e4 Bb4 7. Bg5 h6 8. Bxf6
Qxf6 9. Bxc4 c5 10. e5 Qd8 11. O-O cxd4 12. Ne4 Nc6 13. Qc1 Bd7 14. Qf4 Qe7 15.
Rfd1 O-O-O 16. Nd6+ Bxd6 17. exd6 Qf6 18. Qxf6 gxf6 19. Nxd4 Nxd4 20. Rxd4 Bc6
21. b4 Rdg8 22. g3 Kd7 23. Ra3 e5 24. Rd2 Rg4 25. f4 exf4 26. Bf1 f5 27. Bh3 Rg5
28. b5 Be4 29. Rd4 Re8 30. Rc3 Re5 31. Bg2 f3 32. Bxf3 Bxf3 33. Rxf3 Rg6 34.
Rdf4 Rf6 35. g4 Rxd6 36. Rxf5 Rxf5 37. Rxf5 Ke7 38. Rf4 Rd2 39. Rc4 Ra2 40. Rc7+
Kf6 41. Rxb7 Rxa4 42. Kf2 1/2-1/2

[Event "21st TCh-RUS 2014"]
[Site "Loo RUS"]
[Date "2014.04.13"]
[Round "7.4"]
[Board "6"]
[White "Riazantsev, Alexander"]
[Black "Makhmutov, Rail"]
[Result "1-0"]
[WhiteTitle "GM"]
[BlackTitle "FM"]
[WhiteElo "2688"]
[BlackElo "2414"]
[WhiteTeam "Yugra (KhMAO)"]
[BlackTeam "Rook (Kazan)"]
[WhiteFideId "4125029"]
[BlackFideId "4122151"]
[EventDate "2014.04.07"]

1. d4 Nf6 2. c4 e6 3. Nf3 b6 4. a3 Ba6 5. Qb3 d5 6. cxd5 Qxd5 7. Qxd5 exd5 8.
Nc3 Be7 9. Bg5 c6 10. g3 Nbd7 11. Bh3 h6 12. Bd2 O-O 13. O-O Rad8 14. Rfe1 Rfe8
15. Rac1 Bf8 16. Be3 Bb7 17. Rc2 g6 18. Rec1 Bg7 19. b4 Ne4 20. b5 Nf8 21. bxc6
Bxc6 22. Ne5 Bxe5 23. Nxe4 dxe4 24. dxe5 Bd7 25. Bxd7 Nxd7 26. Rc7 Nxe5 27. Rxa7
g5 28. Bxb6 Rd2 29. Kf1 Ng4 30. h3 Nf6 31. Be3 Rd7 32. Rxd7 Nxd7 33. a4 Ra8 34.
Rc7 Nf6 35. Rc4 Nd5 36. Rxe4 Nc3 37. Rc4 Nxa4 38. Bd4 Ra6 39. g4 Kf8 40. Rc7 Ke8
41. e3 Re6 42. Rb7 Rc6 43. Kg2 Kf8 44. Kf3 Ke8 45. Rb4 Ra6 46. Ke4 Ra5 47. Rb8+
Ke7 48. Rb7+ Ke8 49. Rc7 Ra6 50. Kd3 Rd6 51. Rc8+ Kd7 52. Rh8 Nc5+ 53. Ke2 Ne6
54. Be5 Rc6 55. Kf1 Rc1+ 56. Kg2 Rc6 57. Kg3 1-0

[Event "21st TCh-RUS 2014"]
[Site "Loo RUS"]
[Date "2014.04.13"]
[Round "7.5"]
[Board "1"]
[White "Fedoseev, Vladimir3"]
[Black "Chekhov, Sergei"]
[Result "1-0"]
[WhiteTitle "GM"]
[BlackTitle "IM"]
[WhiteElo "2663"]
[BlackElo "2477"]
[WhiteTeam "SDYUSSHOR SHSH Chigorin Chess Club"]
[BlackTeam "Turbopump (Voronezh region)"]
[WhiteFideId "24130737"]
[BlackFideId "4195639"]
[EventDate "2014.04.07"]

1. d4 Nf6 2. Bg5 Ne4 3. Bf4 c5 4. f3 Nf6 5. d5 d6 6. e4 g6 7. c4 b5 8. cxb5 Bg7
9. Nc3 a6 10. a4 O-O 11. Bc4 Nbd7 12. Nge2 Nh5 13. Bd2 f5 14. O-O f4 15. bxa6
Ne5 16. Bb5 g5 17. h3 Rf6 18. Qc2 Rh6 19. Nd1 Qb6 20. Nf2 c4 21. Kh2 Nf6 22. Bc3
Bxh3 23. Nxh3 Nxe4 24. fxe4 Ng4+ 25. Kh1 Nf2+ 26. Rxf2 Qxf2 27. Nd4 Bxd4 28.
Qxf2 Bxf2 29. Rf1 Be3 30. Bd7 Rxa6 31. g3 e5 32. Kg2 Rg6 33. Nf2 h5 34. Rh1 h4
35. Ng4 Bd4 36. gxf4 gxf4 37. Rxh4 Ra7 38. Be6+ Kg7 39. Bf5 Bxc3 40. bxc3 Rxa4
41. Bxg6 Kxg6 42. Rh8 Ra3 43. Kh3 Rxc3+ 44. Kh4 Rc1 45. Rh6+ Kg7 46. Rxd6 c3 47.
Kg5 c2 48. Rd7+ Kf8 49. Kf6 Ke8 50. Ke6 1-0

[Event "21st TCh-RUS 2014"]
[Site "Loo RUS"]
[Date "2014.04.13"]
[Round "7.5"]
[Board "2"]
[White "Oparin, Grigoriy"]
[Black "Goganov, Aleksey"]
[Result "1/2-1/2"]
[WhiteTitle "GM"]
[BlackTitle "GM"]
[WhiteElo "2542"]
[BlackElo "2587"]
[WhiteTeam "Turbopump (Voronezh region)"]
[BlackTeam "SDYUSSHOR SHSH Chigorin Chess Club"]
[WhiteFideId "24125890"]
[BlackFideId "24109959"]
[EventDate "2014.04.07"]

1. e4 e5 2. Nf3 Nc6 3. Bb5 Nf6 4. O-O Nxe4 5. Re1 Nd6 6. Nxe5 Be7 7. Bf1 O-O 8.
d4 Nf5 9. Nf3 d5 10. c3 Be6 11. Bd3 g6 12. Nbd2 Ng7 13. Nf1 f6 14. Bh6 Bf7 15.
h3 Re8 16. N3h2 Bd6 17. Ne3 Nh5 18. Qg4 Kh8 19. Qf3 Ne7 20. Neg4 Ng8 21. Bd2
Rxe1+ 22. Rxe1 Qf8 23. Nf1 c6 24. Ng3 Nxg3 25. fxg3 Kg7 26. Bf4 Bxf4 27. gxf4
Re8 28. Rxe8 Qxe8 29. Qe3 h5 30. Qxe8 Bxe8 31. Ne3 Bd7 32. h4 Nh6 33. Kf2 Bf5
34. Bxf5 Nxf5 35. Nxf5+ gxf5 36. Ke3 Kf7 37. Kd3 Ke6 38. Ke3 Kd6 39. Kd3 Ke6 40.
Ke3 1/2-1/2